000 01757nam a2200193 i 4500
001 170546
003 ES-MaACL
005 20230906214408.0
008 090313s1852 sp |||| | spa d
080 _a94(460)
245 0 0 _aMemorias de la Real Academia de la Historia.
_nTomo VIII.
260 _aMadrid :
_b[s.n.],
_c1852 (
_fImprenta de la Real Academia de la Historia)
300 _a7, LXIII, 29, 53, 71, 58, 20, 100, 114 p., [69] h. de lám ;
_c25 cm.
505 8 _aContiene: Noticia histórica de la Academia desde el año de 1832 hasta el presente. Catálogo de los individuos de la Real Academia de la Historia en 1º de diciembre de 1852. Informe sobre los retratos de Cristobal Colón, su trage y escudo de armas / leido... por Valentín Carderera. Memoria sobre la Guerra del Reino de Granada, y los tratos y conciertos que precedieron á las capitulaciones de la ciudad / por Antonio Benavides -- Apéndice a la memoria de la Guerra del Reino de Granada. Memoria sobre el fuero de Madrid del año de 1202 / por Antonio Cavanille. Memoria sobre el valor de las monedas de D. Alfonso el Sabio ... / por Vicente Argüello -- Disertación que contra el nuevo sistema establecido por el Abate Masdeu ... y en defensa de la cronologia de loa dos cronicones / Angel Casimiro de Govantes. Memoria sobre la autenticidad de la crónica denominada del moro Rasis / leída... por Pascual de Gayangos. Inscripciones y antigüedades del reino de Valencia /recogias y ordenadas por Antonio Valcarcel Pio de Saboya... e ilustradas por Antonio Delgado
610 2 4 _aReal Academia de la Historia (España)-
_vMemorias.
_9152005
651 4 _aEspaña-
_xHistoria.
_98209
710 2 _aReal Academia de la Historia (España)
_96309
852 _aES-MaACL
_jR-2766
999 _c170546
_d170546